000
00340nam a2200145Ia 4500
008
191201s2012 xx 000 0 und d
082
_a
658.3
_b
AGS
100
_a
AGARWAL, Tanuja
245
0
_a
Strategic Human Resource Management
250
_a
Rep
260
_a
N. Delhi
_b
Oxford
_c
2012
300
_a
801
650
_a
BBA
942
_2
ddc
_c
BK
999
_c
5676
_d
5676